Historia económica de Costa Rica en el siglo XX /
Furkejuvvon:
| Váldodahkki: | |
|---|---|
| Materiálatiipa: | Dovdameahttun |
| Almmustuhtton: |
San José, Costa Rica :
Universidad de Costa Rica, IICE, CIHAC,
[fecha de publicación no identificada].
|
| Fáttát: | |
| Fáddágilkorat: |
Lasit fáddágilkoriid
Eai fáddágilkorat, Lasit vuosttaš fáddágilkora!
|
MARC
| LEADER | 000000000a22000000004500 | ||
|---|---|---|---|
| 001 | 008452 | ||
| 082 | 0 | 4 | |a 330.917.34 |b L579h v. 2 |
| 100 | 1 | |a León Sáenz, Jorge | |
| 245 | 1 | 0 | |a Historia económica de Costa Rica en el siglo XX / |c Jorge León Sáenz. |
| 260 | 1 | |a San José, Costa Rica : |b Universidad de Costa Rica, IICE, CIHAC, |c [fecha de publicación no identificada]. | |
| 300 | |a 2 volumenes | ||
| 505 | |a Contenido: La economía rural (volumen 2) | ||
| 650 | 4 | |a ECONOMIA RURAL | |
| 650 | 4 | |a CISTA RICA | |
| 650 | 4 | |a SIGLO XX | |
| 650 | 4 | |a DESARROLLO RURAL | |
| 650 | 4 | |a PRODUCCION | |
| 650 | 4 | |a AGRICULTURA | |
| 650 | 4 | |a ASPECTOS ECONOMICOS | |
| 650 | 4 | |a CRECIMIENTO ECONOMICO | |
| 650 | 4 | |a COSTA RICA | |
| 650 | 4 | |a CONDICIONES ECONOMICAS | |
| 773 | 0 | |g 2012 | |
| 999 | |c 14024 |d 14024 | ||
| 942 | |c BK |h 330.917.34 L579h v. 2 |2 z | ||
